00841 2200265 4500001002100000005001700021008004100038020002200079035002400101040001200125082001200137090002300149100002000172245010400192250001000296260006500306300002500371500002500396500006000421650002600481700002600507850001200533990001500545990001500560YOGYA-0209000007332620090227093722.0 ind  a978-979-97457-3-6 0010-020900000073326 aYOPDYOG a959.823 aYOG 959.823bMus A aMUSLIKH KS, H.M aAdat dan islam dalam khasanah budaya kraton YogyakartacPenulis H.M.Muslich Ks,Muhammad Damami Zein aCet.1 a[Yogyakarta]bYayasan Kebudayaan Islam Indonesia[YKII]c2007 axviii,118 hlmc21 cm aTermasuk bibliografi aDiterbitkan ataskerjasama UIN Sunan Kalijaga Yogyakarta aKebudayaan Yogyakarta aZein, Muhammad Damami aYOPDYOG a08P0002649 a08P0002648